Огляд стану адаптації законодавства України до acquis communautaire (Запис № 341921)

МАРК-запис
000 -Лідер
fixed length control field 00738nam a22002297a 4500
003 - Ідентифікатор контрольного номера
control field UA-OsUOA
001 - Контрольний номер
control field 55828
007 - Фіксоване поле фізичного опису
fixed length control field ta
008 - Елементи даних фіксованої довжини – загальна інформація
fixed length control field 20080922b un ||||| |||| 00| 0 ukr d
090 ## - Локальний шифр розміщення
Класифікаційний індекс УДК 340(094)(4+477)
Авторський знак (НП) О-37
040 ## - Джерело каталогізації
Агенція оригінальної каталогізації UA-OsUOA
Мова каталогізації ukr
Агенція, яка здійснювала перезапис UA-OsUOA
Агенція, яка здійснювала модифікацію UA-OsUOA
041 ## - Код мови
Код мови тексту/ звукової доріжки чи окремого заголовка (П) ukr
080 ## - Індекс Універсальної десяткової класифікації
Індекс Універсальної десяткової класифікації (УДК) (НП) 340(094)(4+477)
020 ## - Міжнародний стандартний книжковий номер (ISBN)
Міжнародний стандартний книжковий номер (ISBN) (НП) 966-370-034-3
245 ## - Відомості про назву
Назва (НП) Огляд стану адаптації законодавства України до acquis communautaire
260 ## - Публікація, розповсюдження і т.п. (Вихідні дані)
Місце публікації, розповсюдження і т.п. (П) К.
Ім’я/ наймення видавництва, розповсюджувача і т.п. (П) Професіонал
Дата публікації, розповсюдження і т.п. (П) 2007
300 ## - Фізичний опис
Обсяг 544 с.
650 #7 - Додаткове предметне введення – тематичний термін
Тематичний термін чи географічна назва, як елемент введення (НП) 340 Право в цілому. Пропедевтика. Методи та допоміжні правничі науки
Джерело заголовка чи терміна UDC
942 ## - Додаткові елементи входу (Коха)
Тип елемента Koha Книги
955 ## - Код типу видання за змістом
Код типу видання за змістом (НП) Наукові видання
Фонди
Стан вилучень Стан втрат Джерело класифікації або схеми стелажів Стан уражень Не для кредиту Постійне місце розташування Поточне розміщення Дата придбання Джерело придбання Вартість, звичайна ціна покупки Інвентарний номер Усього замовленно Повний номер виклику Штрих-код Дата останнього перегляду Ціна ефективна від Тип елемента Koha
    Universal Decimal Classification     АБ - Абонемент НБ АБ - Абонемент НБ 22/09/2008 120/2008 49.50 115953   340(094)(4+477) О-37 115953 10/12/2021 22/09/2008 Книги
    Universal Decimal Classification     АБ - Абонемент НБ АБ - Абонемент НБ 22/09/2008 120/2008 49.50 115954   340(094)(4+477) О-37 115954 10/12/2021 22/09/2008 Книги
    Universal Decimal Classification     АБ - Абонемент НБ АБ - Абонемент НБ 22/09/2008 120/2008 49.50 115955   340(094)(4+477) О-37 115955 10/12/2021 22/09/2008 Книги
    Universal Decimal Classification     АБ - Абонемент НБ АБ - Абонемент НБ 22/09/2008 120/2008 49.50 115956   340(094)(4+477) О-37 115956 10/12/2021 22/09/2008 Книги
    Universal Decimal Classification     АБ - Абонемент НБ АБ - Абонемент НБ 22/09/2008 120/2008 49.50 115957   340(094)(4+477) О-37 115957 10/12/2021 22/09/2008 Книги
    Universal Decimal Classification     АБ - Абонемент НБ АБ - Абонемент НБ 22/09/2008 120/2008 49.50 115958   340(094)(4+477) О-37 115958 10/12/2021 22/09/2008 Книги
    Universal Decimal Classification     АБ - Абонемент НБ АБ - Абонемент НБ 22/09/2008 120/2008 49.50 115959   340(094)(4+477) О-37 115959 10/12/2021 22/09/2008 Книги
    Universal Decimal Classification     АБ - Абонемент НБ АБ - Абонемент НБ 22/09/2008 120/2008 49.50 115960   340(094)(4+477) О-37 115960 06/02/2022 22/09/2008 Книги
    Universal Decimal Classification     АБ - Абонемент НБ АБ - Абонемент НБ 22/09/2008 120/2008 49.50 115961   340(094)(4+477) О-37 115961 10/12/2021 22/09/2008 Книги
    Universal Decimal Classification     АБ - Абонемент НБ АБ - Абонемент НБ 22/09/2008 120/2008 49.50 115962   340(094)(4+477) О-37 115962 10/12/2021 22/09/2008 Книги